000 00869cab a2200241 4500
001 E84580
008 090401t1997 xxu||||| |||| 00| 0 eng d
035 _a(Sirsi) u78977
041 _aeng
245 _aWestern Heritable Investment Co Ltd v Johnston
260 _c1997
350 _a0
490 _aScots Law Times
_v1997 SLT 74-81(8)
520 _aLandlord and tenant - regulated tenancies - "fair rent" - comparison with rents under assured tenancies - whether such comparison appropriate - whether committee entitled to disregard evidence of such rents - Rent (Scotland) Act 1984 (c58), s48.
650 _aASSURED TENANCIES
650 _aFAIR RENT
650 _aFAIR RENTS
650 _aREGULATED TENANCIES
650 _aRENT (SCOTLAND) ACT 1984
690 _aLANDLORD AND TENANT-CASE LAW-RESIDENTIAL TENANCIES
942 _n0
948 _c17/06/1997
999 _c49631
_d49631